[Event "San Vicente del Raspeig op 3rd"]
[Site "San Vicente del Raspeig"]
[Date "2022.12.27"]
[Round "3"]
[White "Sempere Domenech, Abel"]
[Black "Turner, Justin"]
[Result "1-0"]
[WhiteElo "2016"]
[BlackElo "1897"]
[PlyCount "149"]
[EventDate "2022.12.26"]
[EventType "swiss"]
[EventRounds "9"]
[EventCountry "ESP"]
[SourceTitle "CBM 212 Extra"]
[Source "ChessBase"]
[SourceDate "2023.03.31"]
[SourceVersion "1"]
[SourceVersionDate "2023.03.31"]
[SourceQuality "1"]

1. d4 d5 2. c4 c6 3. e3 Bf5 4. Nf3 e6 5. Nc3 Nf6 6. Nh4 Be4 7. f3 Bg6 8. Qb3 Qb6 9. c5 Qc7 10. Bd2 Nbd7 11. Nxg6 hxg6 12. f4 Be7 13. Bd3 Ng4 14. g3 Rb8 15. Qd1 f5 16. Qf3 Rxh2 17. Rxh2 Nxh2 18. Qh1 Ng4 19. b4 b6 20. Ke2 bxc5 21. bxc5 Bf6 22. Rb1 Bd8 23. Qd1 Rxb1 24. Qxb1 Qb8 25. Qc2 Qb7 26. a3 Nb8 27. Na2 Nf6 28. a4 Na6 29. Qd1 Nd7 30. g4 Ndb8 31. Qc2 Kf7 32. g5 Bc7 33. Kf3 Bd8 34. Be2 Ke7 35. Kf2 Bc7 36. Kg2 Bd8 37. Nc1 Bc7 38. Nd3 Kd7 39. Kf2 Ke7 40. Qd1 Kf7 41. Qh1 Nd7 42. Qh8 Qb8 43. Qh1 Qb7 44. Qd1 Ndb8 45. Qf1 Ke7 46. Ne1 Kf7 47. Nf3 Nb4 48. a5 N4a6 49. Qh1 Nd7 50. Qh7 Nf8 51. Qh8 Nb8 52. Nh4 Nbd7 53. Nf3 Nb8 54. Qh1 Nfd7 55. Qf1 Qb2 56. Qd1 Ke7 57. Nh4 Nf8 58. Nf3 Nfd7 59. Qa4 Qb7 60. a6 Qc8 61. Bf1 Kf7 62. Ne1 Ke7 63. Nc2 Bd8 64. Nb4 Nf8 65. Bc1 Qc7 66. Ba3 Kf7 67. Nd3 Nfd7 68. Bb4 Ke7 69. Nc1 Qc8 70. Nb3 Ke8 71. Be2 Kf7 72. Ba5 Bxa5 73. Nxa5 Ke7 74. Nb7 Qc7 75. Qb4 1-0

[Event "NZL-ch op 122nd"]
[Site "Auckland"]
[Date "2015.01.05"]
[Round "5"]
[White "Nicholls, Leighton"]
[Black "Turner, Justin"]
[Result "0-1"]
[WhiteElo "1757"]
[BlackElo "1434"]
[PlyCount "60"]
[EventDate "2015.01.01"]
[EventType "swiss"]
[EventRounds "9"]
[EventCountry "NZL"]
[SourceTitle "CBM 164 Extra"]
[Source "ChessBase"]
[SourceDate "2015.03.02"]
[SourceVersion "1"]
[SourceVersionDate "2015.03.02"]
[SourceQuality "1"]

1. e4 d5 2. exd5 Qxd5 3. Nc3 Qa5 4. d4 c6 5. Nf3 Nf6 6. Bc4 Bg4 7. 0-0 e6 8. Bf4 Bb4 9. Qd3 Bf5 10. Qe3 Bxc2 11. Bxe6 0-0 12. Bc4 Nbd7 13. a3 Bxc3 14. bxc3 Rfe8 15. Qd2 Be4 16. Ne5 Nxe5 17. Bxe5 Nd7 18. Bf4 Nf6 19. f3 Bg6 20. Rfe1 Nd5 21. Rxe8+ Rxe8 22. Re1 Rxe1+ 23. Qxe1 h6 24. Bxd5 Qxd5 25. Qe5 Qb3 26. Qc5 Qd1+ 27. Kf2 Bd3 28. Kg3 Qe1+ 29. Kh3 g5 30. Qe5 Qh4# 0-1